000 00371nam a2200133Ia 4500
008 151001s9999||||xx |||||||||||||| ||und||
100 _aसंजीव गुप्ता
245 _aसाहसी बच्चों के कारनामे
250 _a1
260 _bकिताबहार
260 _c2006
300 _a63
365 _b24
999 _c988064
_d988061